Statistics for 2017 Women's Rugby World Cup - Participating Nations

Click here to take the quiz!

General Stats

  • This quiz has been taken 39 times
  • The average score is 10 of 12

Answer Stats

Teams% Correct
New Zealand
100%
Australia
97%
England
97%
Ireland
97%
USA
97%
France
94%
Wales
94%
Canada
89%
Italy
83%
Spain
81%
Japan
78%
Hong Kong
31%

Score Distribution

Percentile by Number Answered

Percent of People with Each Score

Your Score History

You have not taken this quiz